X-Men Movie Characters Quiz Stats

 Plays Quiz not verified by Sporcle

Challenge
Share
Tweet
Embed
Score 0/39 Timer 15:00
0 Plays Today
Actor Character % Correct
Hugh JackmanWolverine
99.3%
Patrick Stewart/James McAvoyProfessor Charles Xavier
98.6%
Halle BerryOroro Munroe
93.8%
Anna PaquinMarie
90.4%
Ian McKellen/Michael FassbenderErik Lehnsherr
90.4%
James Marsden/Tim PocockScott Summers
89.7%
Kelsey Grammer/Nicholas HoultBeast
89%
Famke JanssenJean Grey
89%
Rebecca Romijn/Jennifer LawrenceRaven Darkholme
87.7%
Ellen PageKitty Pryde
78.8%
Tyler Mane/Liev SchreiberVictor Creed
78.1%
Shawn AshmoreIceman
76%
Ryan Reynolds/Scott AdkinsWade Wilson
74.7%
Alan CummingNightcrawler
73.3%
Taylor Kitsch Gambit
72.2%
Vinnie JonesCain Marko
67.1%
Ben FosterAngel
65.8%
Ray ParkMortimer Toynbee
63%
January JonesEmma Frost
61%
Aaron StanfordJohn Allerdyce
58.2%
Actor Character % Correct
Kevin BaconSebastian Shaw
52.7%
Daniel CudmorePiotr Rasputin
52.1%
Kelly HuYuriko Oyama
52.1%
Brian Cox/Danny HustonWilliam Stryker
50.7%
Zoë KravitzAngel Salvadore
47.9%
Lucas TillAlexander Summers
46.6%
Caleb Landry JonesSean Cassidy
44.5%
Jason FlemyngAzazel
43.8%
Kevin DurandFrederick J. Dukes
43.2%
Olivia Williams/Rose ByrneMoira MacTaggert
38.4%
Dania RamirezCallisto
34.9%
Will.i.amJohn Wraith
34.2%
Álex GonzálezJanos Quested
33.6%
Edi GathegiArmando Muñoz
32.9%
Daniel HenneyChristopher Nord
31.5%
Bruce DavisonSenator Robert Kelly
30.8%
Lynn CollinsKayla Silverfox
28.8%
Cameron BrightJimmy
28.1%
Dominic MonaghanChris Bradley
26%

You're not logged in!

Compare scores with friends on all Sporcle quizzes.
OR
Log In

You Might Also Like...

Show Comments

Extras

Top Quizzes Today


Score Distribution

Your Account Isn't Verified!

In order to create a playlist on Sporcle, you need to verify the email address you used during registration. Go to your Sporcle Settings to finish the process.

Report this User

Report this user for behavior that violates our Community Guidelines.

Details: